Normal view
MARC view
- Abdul Rahman Rukaini,
Entry Personal Name
001 - CONTROL NUMBER
- control field: 2087
003 - CONTROL NUMBER IDENTIFIER
- control field: OSt
005 - DATE AND TIME OF LATEST TRANSACTION
- control field: 20170508102806.0
008 - FIXED-LENGTH DATA ELEMENTS
- fixed length control field: 170508|| aca||aabn | a|a d
040 ## - CATALOGING SOURCE
- Original cataloging agency: OSt
- Transcribing agency: OSt
100 ## - HEADING--PERSONAL NAME
- Personal name: Abdul Rahman Rukaini,
- Dates associated with a name: 1946-,
- Relator term: tr
670 ## - SOURCE DATA FOUND
- Source citation: Work cat.: (OSt)0: Ghazzali, 1058-1111 1520, Mutiara Al-Qur'an Imam Al-Ghazali :, 1983

PORTAL AKMAL
E-MEL JKDM
AKMAL2U
G-BAM
u-PUSTAKA